000
00225nam a2200109Ia 4500
100
_a
ARTHUR LIPPER
942
_c
BK
245
_a
GUIDE TO INVESTING IN PRIVATE COMPANIES.
260
_b
#N/A
546
_a
ENGLISH
999
_c
24308
_d
24308